00522nam a2200169Ia 4500100001300000250000600013942000700019654001300026245004000039260003600079082001400115300000800129546001200137999001700149952009200166952009400258 aBooch G  a2 cBK aComputer aObject Oriented Analysis & design bAddison WeslyaCaliforniac1994 a5.11bBOO a589 aENGLISH c28540d28540 001040708CRCaCRCEbCRCEd2023-03-17l0o5.11 BOOp10822r2023-03-17w2023-03-17yBK 001040708CRCaCRCEbCRCEd2023-03-17l0o3.0285 BOOp11123r2023-03-17w2023-03-17yBK